[Event "BL2 Sued 1920 (Women)"]
[Site "Germany"]
[Date "2020.02.15"]
[Round "6.4"]
[White "Amelang, Astrid"]
[Black "Riemer Nlula, Marion"]
[Result "1/2-1/2"]
[WhiteElo "2072"]
[BlackElo "1807"]
[PlyCount "26"]
[EventDate "2019.09.14"]
[EventType "team-tourn"]
[EventRounds "7"]
[EventCountry "GER"]
[SourceTitle "EXT 2021"]
[Source "ChessBase"]
[SourceDate "2020.10.23"]
[SourceVersion "1"]
[SourceVersionDate "2020.10.23"]
[SourceQuality "1"]
[WhiteTeam "Augsburg (W)"]
[BlackTeam "Zeulenroda Rochade (W)"]
[WhiteTeamCountry "GER"]
[BlackTeamCountry "GER"]

1. f4 d5 2. b3 Nc6 3. Nf3 Bg4 4. e3 e5 5. fxe5 Nxe5 6. Be2 Bd6 7. d4 Nxf3+ 8. Bxf3 Qh4+ 9. Kd2 Nf6 10. Nc3 0-0-0 11. h3 Bxf3 12. gxf3 Qg3 13. Nb5 a6 1/2-1/2

[Event "BL2 Sued 0708 (Women)"]
[Site "Germany"]
[Date "2007.11.11"]
[Round "2.2"]
[White "Melnikova, Yana"]
[Black "Amelang, Astrid"]
[Result "1-0"]
[WhiteElo "2310"]
[BlackElo "2118"]
[PlyCount "69"]
[EventDate "2007.11.10"]
[EventType "team-tourn"]
[EventRounds "7"]
[EventCountry "GER"]
[SourceTitle "EXT 2009"]
[Source "ChessBase"]
[SourceDate "2008.11.26"]
[SourceVersion "1"]
[SourceVersionDate "2008.11.26"]
[SourceQuality "1"]
[WhiteTeam "Bad Koenigshofen (W)"]
[BlackTeam "Bayern Muenchen (W)"]
[WhiteTeamCountry "GER"]
[BlackTeamCountry "GER"]

1. e4 e6 2. d4 d5 3. e5 c5 4. c3 Nc6 5. Nf3 f6 6. Bd3 Qb6 7. a3 Bd7 8. b4 cxb4 9. cxb4 0-0-0 10. Bb2 a6 11. 0-0 Be7 12. Nbd2 Kb8 13. Nb3 g5 14. exf6 Bxf6 15. Nc5 Qc7 16. Bxa6 Bc8 17. Bxb7 Bxb7 18. Nxe6 Qd6 19. Nxd8 Nxd8 20. Ne5 Ne7 21. b5 Rf8 22. a4 Ne6 23. a5 Bxe5 24. dxe5 Qd8 25. a6 Bc8 26. Ba3 Rf7 27. b6 Nf5 28. b7 Bxb7 29. axb7 Rxb7 30. g4 Ne7 31. Bd6+ Nc7 32. Qa4 Kc8 33. Rfc1 d4 34. Qxd4 Ned5 35. Qxd5 1-0

[Event "BL2 Gr02 0506 (Women)"]
[Site "Germany"]
[Date "2006.03.05"]
[Round "7.2"]
[White "Amelang, Astrid"]
[Black "Niesch, Franziska"]
[Result "1-0"]
[WhiteElo "1971"]
[BlackElo "1835"]
[PlyCount "59"]
[EventDate "2005.10.29"]
[EventType "team-tourn"]
[EventRounds "7"]
[EventCountry "GER"]
[SourceTitle "EXT 2007"]
[Source "ChessBase"]
[SourceDate "2006.11.23"]
[SourceVersion "1"]
[SourceVersionDate "2006.11.23"]
[SourceQuality "1"]
[WhiteTeam "Bayern Muenchen"]
[BlackTeam "Leipzig Lindenau"]
[WhiteTeamCountry "GER"]
[BlackTeamCountry "GER"]

1. f4 e5 2. fxe5 d6 3. exd6 Bxd6 4. Nf3 g5 5. g3 h5 6. d4 f6 7. e4 h4 8. Rg1 hxg3 9. hxg3 g4 10. Nh4 Bxg3+ 11. Rxg3 Rxh4 12. Nc3 Nc6 13. Ne2 Nce7 14. Qd3 Qd6 15. Bd2 Bd7 16. 0-0-0 0-0-0 17. Bg2 Qb6 18. Be3 Bb5 19. c4 Ba6 20. Qc3 Qc6 21. b3 Qd7 22. d5 Kb8 23. b4 b6 24. b5 Bb7 25. Nf4 Rf8 26. Ne6 Rf7 27. Bf4 Ng6 28. Bxc7+ Kc8 29. Rgd3 Rh2 30. Bxh2 1-0

[Event "GER-chT2 (Women) 0405"]
[Site "Germany"]
[Date "2004.11.07"]
[Round "2"]
[White "Amelang, Astrid"]
[Black "Horvath, Maria"]
[Result "1-0"]
[WhiteElo "2134"]
[BlackElo "2072"]
[PlyCount "125"]
[EventDate "2004.11.06"]
[EventType "team"]
[EventRounds "9"]
[EventCountry "GER"]
[SourceTitle "EXT 2006"]
[Source "ChessBase"]
[SourceDate "2005.11.24"]
[SourceVersion "1"]
[SourceVersionDate "2005.11.24"]
[SourceQuality "1"]

1. f4 c5 2. Nf3 g6 3. c3 Bg7 4. e4 d6 5. d4 cxd4 6. cxd4 Qb6 7. Nc3 Bd7 8. Nd5 Qd8 9. Be3 e6 10. Nc3 Ne7 11. Qd2 d5 12. e5 Nf5 13. Bf2 h5 14. Bd3 a6 15. a3 Nc6 16. b4 Na7 17. 0-0 Ne7 18. a4 Nec6 19. Rfb1 Bf8 20. Na2 Be7 21. Be1 b5 22. a5 Kf8 23. Kh1 Kg7 24. Qe3 Rc8 25. Bd2 Nb8 26. Rg1 Qf8 27. g4 hxg4 28. Rxg4 Rc4 29. Rag1 Nac6 30. Bxc4 bxc4 31. Rb1 Rh3 32. Rg3 Rh5 33. Bc3 Na7 34. b5 Nxb5 35. Bb4 Nc6 36. Bd2 Qh8 37. Rg2 Rh3 38. Qf2 Bd8 39. Rbg1 Qh7 40. Nb4 Nxa5 41. f5 Qh5 42. f6+ Kf8 43. Rg3 Rxg3 44. Rxg3 c3 45. Bg5 Kg8 46. Qg2 Nxd4 47. Nxd4 Qd1+ 48. Qg1 Qxg1+ 49. Kxg1 Bb6 50. Be3 Nc4 51. Bf2 Nxe5 52. Ndc2 Bxf2+ 53. Kxf2 a5 54. Nd3 Nc6 55. Nc5 Be8 56. Rxc3 d4 57. Ra3 e5 58. Kf3 Kh7 59. Ke4 Kh6 60. Rh3+ Kg5 61. Rh8 Kxf6 62. Rxe8 Kg5 63. Kd5 1-0

[Event "BL2 Gr2 0304 (Women)"]
[Site "Germany"]
[Date "2004.03.13"]
[Round "6.4"]
[White "Amelang, Astrid"]
[Black "Bloss, Steffi"]
[Result "1-0"]
[WhiteElo "2134"]
[BlackElo "1942"]
[PlyCount "83"]
[EventDate "2003.10.25"]
[EventType "team-tourn"]
[EventRounds "7"]
[EventCountry "GER"]
[SourceTitle "EXT 2006"]
[Source "ChessBase"]
[SourceDate "2005.11.24"]
[SourceVersion "1"]
[SourceVersionDate "2005.11.24"]
[SourceQuality "1"]
[WhiteTeam "Bayern Muenchen (W)"]
[BlackTeam "Rodewisch (W) II"]
[WhiteTeamCountry "GER"]
[BlackTeamCountry "GER"]

1. f4 d5 2. Nf3 Nc6 3. b3 f6 4. Bb2 Nh6 5. e3 Nf7 6. Bb5 Bd7 7. 0-0 e6 8. d3 Bd6 9. Nbd2 0-0 10. c4 Ne7 11. Bxd7 Qxd7 12. Rc1 c6 13. Qe2 dxc4 14. bxc4 Ng6 15. Ne4 Be7 16. Ng3 Rad8 17. Rcd1 Bd6 18. Rd2 Bb4 19. Rdd1 Rfe8 20. a3 Bd6 21. Rd2 Nh6 22. d4 Ne7 23. Ne4 Bc7 24. Qf2 Ng4 25. Qg3 f5 26. Nc5 Qc8 27. Ng5 Ng6 28. h3 Nh6 29. Nf3 e5 30. fxe5 b6 31. Nd3 Qa6 32. Rc1 Rd7 33. Qf2 Qc8 34. Nf4 Qd8 35. Rcd1 Nf8 36. d5 cxd5 37. cxd5 Nf7 38. e6 Rd6 39. exf7+ Kxf7 40. Ne5+ Kg8 41. Qg3 Qe7 42. Nc4 1-0

[Event "BL2 Gr2 0304 (Women)"]
[Site "Germany"]
[Date "2003.11.29"]
[Round "3.3"]
[White "Amelang, Astrid"]
[Black "Espig, Gesine"]
[Result "1/2-1/2"]
[WhiteElo "2134"]
[BlackElo "2093"]
[PlyCount "22"]
[EventDate "2003.10.25"]
[EventType "team-tourn"]
[EventRounds "7"]
[EventCountry "GER"]
[SourceTitle "EXT 2006"]
[Source "ChessBase"]
[SourceDate "2005.11.24"]
[SourceVersion "1"]
[SourceVersionDate "2005.11.24"]
[SourceQuality "1"]
[WhiteTeam "Bayern Muenchen (W)"]
[BlackTeam "Zeulenroda (W)"]
[WhiteTeamCountry "GER"]
[BlackTeamCountry "GER"]

1. f4 d5 2. Nf3 g6 3. e3 Bg7 4. d4 Nf6 5. Bd3 Nbd7 6. 0-0 0-0 7. c3 Ne4 8. Nbd2 f5 9. Qb3 Ndf6 10. Ne5 e6 11. Ndf3 c6 1/2-1/2

[Event "BL2 Gr2 0304 (Women)"]
[Site "Germany"]
[Date "2003.10.26"]
[Round "2.3"]
[White "Amelang, Astrid"]
[Black "Beltz, Martina"]
[Result "1-0"]
[WhiteElo "2134"]
[BlackElo "2110"]
[PlyCount "109"]
[EventDate "2003.10.25"]
[EventType "team-tourn"]
[EventRounds "7"]
[EventCountry "GER"]
[SourceTitle "EXT 2006"]
[Source "ChessBase"]
[SourceDate "2005.11.24"]
[SourceVersion "1"]
[SourceVersionDate "2005.11.24"]
[SourceQuality "1"]
[WhiteTeam "Bayern Muenchen (W)"]
[BlackTeam "Leipzig Gohlis (W)"]
[WhiteTeamCountry "GER"]
[BlackTeamCountry "GER"]

1. f4 c5 2. Nf3 g6 3. g3 Bg7 4. Bg2 Nc6 5. c4 d6 6. Nc3 e6 7. d3 Nge7 8. e4 0-0 9. 0-0 a6 10. Be3 Nd4 11. Bxd4 cxd4 12. Ne2 e5 13. Rc1 b6 14. b4 a5 15. a3 axb4 16. axb4 Ra3 17. Qc2 Nc6 18. Rb1 Bd7 19. b5 Ne7 20. Ra1 Rxa1 21. Rxa1 Qc7 22. Qa2 Bc8 23. Qb3 Kh8 24. Ra8 h6 25. Qa3 Bb7 26. Ra7 Nc8 27. Ra4 Kh7 28. Bh3 f5 29. Nd2 Ne7 30. Ra7 Nc8 31. Ra4 Rf7 32. Qb3 Rf8 33. Ra1 Ne7 34. Ra7 Nc8 35. Ra1 Ne7 36. Ra7 Qb8 37. Ra1 Qc7 38. Ra7 Qb8 39. Ra1 Qc7 40. Ra7 Re8 41. Bg2 Qb8 42. Rxb7 Qxb7 43. exf5 Qa7 44. fxg6+ Kxg6 45. Be4+ Kf6 46. Bf3 Nf5 47. c5 dxc5 48. Bh5 Rf8 49. fxe5+ Ke7 50. Nf4 Kd7 51. Qd5+ Kc8 52. Bg4 Qb7 53. Qe6+ Qd7 54. Qxb6 Bxe5 55. Qxc5+ 1-0

[Event "BL2 SuedO 9899 (Women)"]
[Site "Germany"]
[Date "1998.??.??"]
[Round "?"]
[White "Espig, Gesine"]
[Black "Amelang, Astrid"]
[Result "1-0"]
[WhiteElo "2060"]
[BlackElo "2125"]
[PlyCount "75"]
[EventDate "1998.??.??"]
[EventType "team-tourn"]
[EventRounds "7"]
[EventCountry "GER"]
[SourceTitle "EXT 2000"]
[Source "ChessBase"]
[SourceDate "1999.11.16"]
[SourceVersion "1"]
[SourceVersionDate "1999.11.16"]
[SourceQuality "1"]

1. c4 e6 2. Nc3 Nf6 3. d4 Bb4 4. e3 b6 5. Nf3 0-0 6. Bd3 Bb7 7. 0-0 c5 8. Ne2 cxd4 9. Nexd4 Re8 10. Nc2 Bf8 11. Re1 d5 12. cxd5 exd5 13. Ncd4 Nbd7 14. Bd2 Rc8 15. Rc1 Rxc1 16. Qxc1 Qb8 17. Qb1 Ne4 18. Bb5 Rd8 19. Rc1 Ne5 20. Be1 Bc5 21. Rd1 a6 22. Nxe5 Qxe5 23. Bxa6 Ba8 24. Bf1 Bd6 25. g3 Bb7 26. Bg2 Nf6 27. Ne2 Qh5 28. Nf4 Bxf4 29. exf4 Bc8 30. Bc3 Bf5 31. Qc1 Rc8 32. Qd2 Bg4 33. Re1 Bf3 34. Bxf6 gxf6 35. Qe3 Bxg2 36. Kxg2 Rc2 37. Qxb6 Kg7 38. Qb3 1-0

[Event "BL 9798 (Women)"]
[Site "Germany"]
[Date "1998.??.??"]
[Round "?.3"]
[White "Moingt, Anne"]
[Black "Amelang, Astrid"]
[Result "1-0"]
[WhiteElo "2145"]
[BlackElo "2125"]
[PlyCount "63"]
[EventDate "1997.10.??"]
[EventType "team-tourn"]
[EventRounds "11"]
[EventCountry "GER"]
[SourceTitle "EXT 1999"]
[Source "ChessBase"]
[SourceDate "1998.11.16"]
[SourceVersion "1"]
[SourceVersionDate "1998.11.16"]
[SourceQuality "1"]
[WhiteTeam "Karlsruhe"]
[BlackTeam "Augsburg"]
[WhiteTeamCountry "GER"]
[BlackTeamCountry "GER"]

1. e4 e6 2. d4 d5 3. Nd2 Nf6 4. e5 Nfd7 5. Bd3 c5 6. c3 Nc6 7. Ne2 f6 8. exf6 Nxf6 9. 0-0 cxd4 10. cxd4 Bd6 11. Nf3 0-0 12. Bg5 e5 13. dxe5 Nxe5 14. Nxe5 Bxe5 15. Qd2 Qb6 16. Nc3 Qa5 17. Rae1 Bxc3 18. bxc3 Bg4 19. Qc2 Ne4 20. Bxe4 dxe4 21. Be7 Rfe8 22. Qb3+ Kh8 23. Rxe4 Bf5 24. Re3 Qc7 25. Rfe1 Bg6 26. Qa4 b5 27. Qxb5 Rab8 28. Qe2 h6 29. h3 Rb6 30. c4 Reb8 31. c5 Rb1 32. Bd6 1-0

[Event "BL 9798 (Women)"]
[Site "Germany"]
[Date "1997.??.??"]
[Round "?.2"]
[White "Dergatschova, Anna"]
[Black "Amelang, Astrid"]
[Result "1-0"]
[WhiteElo "2250"]
[BlackElo "2125"]
[PlyCount "79"]
[EventDate "1997.10.??"]
[EventType "team-tourn"]
[EventRounds "11"]
[EventCountry "GER"]
[SourceTitle "EXT 1999"]
[Source "ChessBase"]
[SourceDate "1998.11.16"]
[SourceVersion "1"]
[SourceVersionDate "1998.11.16"]
[SourceQuality "1"]
[WhiteTeam "Holsterhausen"]
[BlackTeam "Augsburg"]
[WhiteTeamCountry "GER"]
[BlackTeamCountry "GER"]

1. e4 e6 2. d3 d5 3. Nd2 Nf6 4. Ngf3 c5 5. g3 Nc6 6. Bg2 Bd6 7. 0-0 Qc7 8. c3 0-0 9. Qe2 Nd7 10. Ng5 d4 11. f4 e5 12. f5 Be7 13. Nh3 b5 14. Nf3 Qb6 15. cxd4 cxd4 16. g4 Ba6 17. g5 g6 18. Ne1 Nc5 19. Nf2 f6 20. Ng4 fxg5 21. f6 Bd6 22. Bxg5 Rf7 23. Nh6+ Kf8 24. Nxf7 Kxf7 25. Bh6 Bf8 26. Bxf8 Rxf8 27. Qd2 Ke8 28. Rc1 Ne6 29. f7+ Rxf7 30. Rxf7 Kxf7 31. Qh6 Kg8 32. Bh3 Ncd8 33. Bxe6+ Nxe6 34. Nf3 Nf4 35. Ng5 Qf6 36. Nxh7 Qe7 37. Rc7 Qxc7 38. Nf6+ Kf7 39. Qh7+ Kxf6 40. Qxc7 1-0